Comics as philosophy

Αποθηκεύτηκε σε:
Λεπτομέρειες βιβλιογραφικής εγγραφής
Άλλοι συγγραφείς: McLaughlin, Jeff 1962- (Επιμελητής έκδοσης)
Μορφή: Βιβλίο
Γλώσσα:English
Δημοσίευση: Jackson : University Press of Mississippi, 2005
Θέματα:
Ετικέτες: Προσθήκη ετικέτας
Δεν υπάρχουν, Καταχωρήστε ετικέτα πρώτοι!

MARC

LEADER 00000nam a2200000 i 4500
001 1/81271
008 080409s2005 eng d
020 |a 1-57806-794-4 
035 |l 10096424 
040 |a GR-MY-UA  |b gre  |e aacr 
041 0 |a eng 
082 0 |a 741.5  |2 (22) 
245 1 0 |a Comics as philosophy /  |c edited by Jeff McLaughlin 
260 |a Jackson :   |b University Press of Mississippi,   |c 2005 
300 |a xix, 246 σ.;  |c 24 εκ. 
504 |a Περιαλαμβάνει βιβλιογραφίες και ευρετήριο 
650 0 0 |a Comic books, strips, etc.  |x Social aspects. 
650 0 0 |a Comic books, strips, etc.  |x History and criticism. 
700 1 |a McLaughlin, Jeff  |d 1962-  |4 edt 
852 |a INST  |b RHODES  |e 20080409  |h 741.5 COM  |p 005400029461  |q 005400029461  |t BK  |y 0 
901 |a BIBL4-2008-1 
909 |a Ρ  |b 151565 
922 |a 4ΕΛΗ  |b 200803  |c ΕΠΕΑΕΚ2/ΤΕΠΑΕΣ  |d ΕΛΕΥΘΕΡΟΥΔΑΚΗΣ 
970 |a ΜΙΣΣΟΣ  |b ΣΤΑΥΡΟΣ  |z 2008/04/09